000 00777cab a2200229 4500
001 WB3503-33
008 090401t1999 xxu||||| |||| 00| 0 eng d
035 _a(Sirsi) u90772
041 _aeng
245 _alate acres took longer to sell
260 _c1999
350 _a0
490 _aFarmers' Weekly
_v130(3) 15 January 1999, 82(1)
520 _aStrutt & Parker has revealed that agricultural land marketed towards the end of 1998 took longer to sell, as potential buyers took advantage of the quieter market. Chart.
650 _aPROPERTY-RURAL AND NATURAL ASSETS-AGRICULTURAL PROPERTY-AGRICULTURAL LAND-ARABLE LAND
650 _aFARMLAND PRICES
650 _aLAND VALUES
650 _aSTRUTT & PARKER
690 _aLAND
942 _n0
948 _c19/01/1999
999 _c57566
_d57566